| 000 | 00722nam a22002057a 4500 | ||
|---|---|---|---|
| 999 |
_c11743 _d11743 |
||
| 003 | AR-CdUCM | ||
| 008 | 190404b ||||| |||| 00| 0 spa d | ||
| 040 |
_aMUNICIPALIDAD PROVINCIAL DEL CUSCO _cBIBLIOTECA MUNICIPAL DEL CUSCO |
||
| 082 |
_a334.03 / _bC413 / 1950 |
||
| 100 |
_aCerdá Richart, Baldomero _926047 |
||
| 245 | _aAdministración y contabilidad de las entidades cooperativas / | ||
| 260 |
_aMexico D. F. : _bNacional, _c1950 |
||
| 300 |
_a170 páginas ; _c17 cm. |
||
| 505 | _aContenido: De la adiminstracion -- De la Contabilidad -- Parte inicial. | ||
| 650 |
_aAdministración _94472 |
||
| 650 |
_aCooperativas _94787 |
||
| 650 |
_aContabilidad _910543 |
||
| 942 |
_2ddc _cLIBROS |
||
| 945 |
_acmm _d2019-04-04 |
||